Green taxes in oligopoly if the number of firms is endogenous

Gespeichert in:
Bibliographische Detailangaben
1. Verfasser: Requate, Tilman (VerfasserIn)
Dokumenttyp: Buch/Monographie Arbeitspapier
Sprache:Englisch
Veröffentlicht: Heidelberg Univ., Wirtschaftswiss. Fak. 1996
Schriftenreihe:Diskussionsschriften / Universität Heidelberg, Wirtschaftswissenschaftliche Fakultät 241
In: Diskussionsschriften / Universität Heidelberg, Wirtschaftswissenschaftliche Fakultät (241)

Schlagworte:
Online-Zugang: Volltext
Verfasserangaben:Till Requate

MARC

LEADER 00000cam a2200000 c 4500
001 1125632003
003 DE-627
005 20240501191923.0
007 tu
008 961119s1996 gw ||||| 00| ||eng c
035 |a (DE-627)1125632003 
035 |a (DE-576)055632009 
035 |a (DE-599)BSZ055632009 
035 |a (OCoLC)75735329 
035 |a (OCoLC)75735329 
040 |a DE-627  |b ger  |c DE-627  |e rakwb 
041 |a eng 
044 |c XA-DE 
084 |a 17  |2 sdnb 
100 1 |a Requate, Tilman  |d 1957-  |0 (DE-588)131878190  |0 (DE-627)514800046  |0 (DE-576)166809950  |4 aut 
245 1 0 |a Green taxes in oligopoly if the number of firms is endogenous  |c Till Requate 
264 1 |a Heidelberg  |b Univ., Wirtschaftswiss. Fak.  |c 1996 
300 |a 21 S.  |b graph. Darst. 
336 |a Text  |b txt  |2 rdacontent 
337 |a ohne Hilfsmittel zu benutzen  |b n  |2 rdamedia 
338 |a Band  |b nc  |2 rdacarrier 
490 1 |a Diskussionsschriften / Universität Heidelberg, Wirtschaftswissenschaftliche Fakultät  |v 241 
500 |a Literaturverz. S. 21 
583 1 |a Archivierung prüfen  |c 20200919  |f DE-640  |z 3  |2 pdager 
583 1 |a Archivierung/Langzeitarchivierung gewährleistet  |f PEBW  |x XA-DE-BW  |2 pdager  |5 DE-31 
583 1 |a Archivierung prüfen  |c 20240324  |f DE-4165  |z 2  |2 pdager 
689 0 0 |d s  |0 (DE-588)4172551-7  |0 (DE-627)104399406  |0 (DE-576)209944072  |a Oligopoltheorie  |2 gnd 
689 0 1 |d s  |0 (DE-588)4239879-4  |0 (DE-627)104811528  |0 (DE-576)210425040  |a Umweltsteuer  |2 gnd 
689 0 |5 (DE-627) 
810 2 |a Universität Heidelberg  |b Wirtschaftswissenschaftliche Fakultät  |t Diskussionsschriften / Universität Heidelberg, Wirtschaftswissenschaftliche Fakultät  |v 241  |9 241  |w (DE-627)16907305X  |w (DE-576)01621871X  |w (DE-600)879483-2  |7 am 
889 |w (DE-627)226144712 
889 |w (DE-627)257933948 
935 |i mdedup 
951 |a BO 
990 |a Umweltsteuer 
990 |a Oligopoltheorie 
992 |a 20240812 
993 |a WorkingPaper 
994 |a 1996 
998 |g 131878190  |a Requate, Tilman  |m 131878190:Requate, Tilman  |d 180000  |d 181000  |e 180000PR131878190  |e 181000PR131878190  |k 0/180000/  |k 1/180000/181000/  |p 1  |x j  |y j 
999 |a KXP-PPN1125632003  |e 4565537753 
BIB |a Y 
JSO |a {"language":["eng"],"name":{"displayForm":["Till Requate"]},"relMultPart":[{"language":["ger"],"dispAlt":"Universität Heidelberg / Wirtschaftswissenschaftliche Fakultät: Diskussionsschriften / Universität Heidelberg, Wirtschaftswissenschaftliche Fakultät","disp":"Diskussionsschriften / Universität Heidelberg, Wirtschaftswissenschaftliche Fakultät","origin":[{"dateIssuedDisp":"1969-1998","publisherPlace":"Heidelberg","dateIssuedKey":"1969"}],"part":{"number":["241"],"number_sort":["241"]},"titleTranslated":[{"translated":"Discussion papers"}],"titleAlt":[{"title":"Heidelberger Diskussionsschrift"}],"recId":"16907305X","title":[{"title":"Diskussionsschriften / Universität Heidelberg, Wirtschaftswissenschaftliche Fakultät","subtitle":" = Discussion papers","title_sort":"Diskussionsschriften / Universität Heidelberg, Wirtschaftswissenschaftliche Fakultät"}],"note":["Urh. teils.: Universität Heidelberg, Fachgruppe Wirtschaftswissenschaften"],"type":{"bibl":"serial"},"corporate":[{"role":"aut","display":"Universität Heidelberg"},{"display":"Alfred-Weber-Institut für Sozial- und Staatswissenschaften","role":"isb"}],"pubHistory":["Nr. 1.1970; 2.1969 - 263.1998"],"id":{"zdb":["879483-2"],"eki":["16907305X"]}}],"recId":"1125632003","origin":[{"publisher":"Univ., Wirtschaftswiss. Fak.","publisherPlace":"Heidelberg","dateIssuedKey":"1996","dateIssuedDisp":"1996"}],"note":["Literaturverz. S. 21"],"title":[{"title":"Green taxes in oligopoly if the number of firms is endogenous","title_sort":"Green taxes in oligopoly if the number of firms is endogenous"}],"type":{"bibl":"book"},"physDesc":[{"noteIll":"graph. Darst.","extent":"21 S."}],"id":{"eki":["1125632003"]},"person":[{"role":"aut","given":"Tilman","family":"Requate","display":"Requate, Tilman"}]} 
SRT |a REQUATETILGREENTAXES1996